01432nam a22002777a 4500008004100000020001800041040000800059041001300067100002500080245006400105260003700169300005400206490001900260520045500279650006100734650003900795650006400834650003100898650003900929655001700968655003900985655004001024655002401064655002901088700003701117250625b |||||||| |||| 00| 0 eng d a9781399812474 ctbs aengaspa aStacey, Markeauthor aBeginner's Spanishc/ Mark Stacey, Angela González Hevia. aLondon :bTeach Yourself,c2024. axxi, 204 pages : billustrations, maps ; c20 cm. aTeach yourself aIf you are looking for a solid foundation to your language studies for school, work or travel, this engaging course will get you speaking, writing, reading and understanding Castilian Spanish in no time. Through authentic conversations, clear language presentations, and extensive practice and review, you will learn the Spanish you need to communicate naturally in everyday situations - from booking a hotel room to talking about friends and family. 0aSpanish languagexConversation and phrase booksxEnglish 0aSpanish languagexSelf-instruction 0aSpanish language xTextbooks for foreign speakers xEnglish 0aSpanish language xGrammar 0aProgrammed instructional materials 0aPhrase books 0aProgrammed instructional materials 0aInstructional and educational works 0aInformational works 0aSelf-instructional works aHevia, Angela Gonzálezeauthor